|
|
|
|
| LEADER |
01001nam a22002411 4500 |
| 001 |
c000194944 |
| 003 |
CARM |
| 005 |
20021125001700.0 |
| 008 |
851003s1964 gw 0 ger d |
| 019 |
1 |
|
|a 3966770
|5 LACONCORD2021
|
| 035 |
|
|
|a (OCoLC)216898611
|5 LACONCORD2021
|
| 100 |
1 |
|
|a Goethe, Johann Wolfgang von,
|d 1749-1832.
|
| 245 |
1 |
0 |
|a Gedichte, von J.W. von Goethe :
|b Hamburger Ausgabe /
|c hrsg. und kommentiert von E.Trunz.
|
| 260 |
|
|
|a Frankfurt am Main :
|b Fischer Bucherei,
|c 1964.
|
| 300 |
|
|
|a 2 vols.
|
| 440 |
|
0 |
|a Exempla classica ;
|v 99/100
|
| 700 |
1 |
|
|a Trunz, Erich.
|
| 852 |
8 |
|
|b CARM
|h A2:AM16A0
|i A03257
|p 0289964
|f BK
|
| 852 |
8 |
|
|b CARM
|h A2:AM20A0
|i A03245
|p 0289426
|f BK
|
| 082 |
0 |
4 |
|a 831.6
|
| 999 |
f |
f |
|i 65ef4f84-ff51-5abf-957d-3c8ddf50d081
|s e4955125-e339-503c-a023-6c502e7d3293
|
| 952 |
f |
f |
|p Can circulate
|a CAVAL
|b CAVAL
|c CAVAL
|d CARM 1 Store
|e A03245
|f A2:AM20A0
|h Other scheme
|i book
|m 0289426
|
| 952 |
f |
f |
|p Can circulate
|a CAVAL
|b CAVAL
|c CAVAL
|d CARM 1 Store
|e A03257
|f A2:AM16A0
|h Other scheme
|i book
|m 0289964
|